Missing Word: Clichés A-Z Quiz Stats

 Plays Quiz Updated Mar 9, 2016

Score 0/26 Timer 04:00
0 Plays Today
Cliché Missing Word % Correct
_______ speak louder than wordsActions
97.3%
The ______ is tickingClock
97.2%
__ marks the spotX
93.1%
_____ in with both feetJump
92.7%
___________ but the kitchen sinkEverything
92.1%
______ the midnight oilBurn
90.8%
________ than a New York minuteQuicker
90.2%
____ can't go home againYou
89.6%
_______ when he should've zaggedZigged
89.4%
________ to sneeze atNothing
88.9%
______ the cows come homeUntil
87.4%
_______ repeats itselfHistory
87%
_____-high to a grasshopperKnee
83.6%
Cliché Missing Word % Correct
_______ my name inPencil
83.2%
_____ hands are the devil's workshopIdle
81.3%
A ________ in his capFeather
79.8%
__________ at strawsGrasping
79.8%
_____ on your laurelsRest
79.8%
______ side of the tracksWrong
79.6%
________ money hand over fistMake
79.5%
________ is the spice of lifeVariety
70.8%
____ the top of my headOff
69.8%
______ than a snake's bellyLower
60.7%
_________ like fliesDropping
58.8%
_____ your breathSave
58.7%
________ pinkTickled
53.9%

Today's Daily Dose

Missing Word
Directed by Peter

Word Ladder
Blink-182

Quick Pick
Eagles Songs

Get the Picture
NFC West Profiles

You're not logged in!

Compare scores with friends on all Sporcle quizzes.
OR
Log In

Sporcle TV

Today on Sporcle TV


Watch our educational content, quiz creation guides, and fun videos on Sporcle TV.

Show Comments

Extras

Top Quizzes Today


Score Distribution

Your Account Isn't Verified!

In order to create a playlist on Sporcle, you need to verify the email address you used during registration. Go to your Sporcle Settings to finish the process.

Report this User

Report this user for behavior that violates our Community Guidelines.

Details: